000 00731nam a22002172 4500
001 0000005318
005 20151217152001.0
008 070611s xx 000 0 eng d
020 _cKES 200 (don.)
040 _aKABU
_cKABU
050 0 _aTX911.3
_b.F5B37 1997
100 1 _aBernard, Gerald F.
_@0000156544
245 1 0 _aIRS audit protection and survival guide :
_bbed and breakfast /
_cGerald F. Bernard, Daniel J. Baran.
260 _aNew York :
_bJohn Wiley,
_c1997.
300 _axiii, 284 p.
650 0 _aBed and breakfast accommodations
_zUnited States
_xFinance.
_@0000156545
700 1 _aBaran, Daniel J.
_@0000153396
908 _a070611
950 _@1
999 _c6999
_d6999